Vplyv Botrytis cinerea na aromatický profil tokajských vín

Saved in:
Bibliographic Details
Main Author: Dallos, Adrienn (Author)
Other Authors: Furdíková, Katarína (Thesis advisor)
Format: Manuscript Book
Language:Slovak
Published: 2019
Subjects:
Online Access:http://is.stuba.sk/zp/portal_zp.pl?podrobnosti=143001
Tags: Add Tag
No Tags, Be the first to tag this record!

MARC

LEADER 00000ntm a22000003a 4500
001 stuzp74536
003 SK-STU
005 20190601211433.4
007 ta
008 150427s2015----xo-----f-mn---000-0-slo-d
040 |a STU  |b slo 
041 0 |a slo 
100 1 |a Dallos, Adrienn  |u 044000  |k Z4  |4 aut  |U FCHPT Fakulta chemickej a potravinárskej technológie  |T FCHPT Ústav biotechnológie  |X 76131  |U C4000  |Y 102  |7 76131 
242 0 1 |a Influence of Botrytis cinerea on aroma profile of Tokaj wines  |y eng 
245 1 0 |a Vplyv Botrytis cinerea na aromatický profil tokajských vín 
260 |c 2019 
650 4 |a tokajské vína  |2 slo 
650 4 |a Botrytis cinerea  |2 slo 
650 4 |a aromatický profil  |2 slo 
650 4 |a Tokaj wines  |2 eng 
650 4 |a Botrytis cinerea  |2 eng 
650 4 |a aromatic profile  |2 eng 
700 1 |a Furdíková, Katarína  |u 044000  |k Z1  |4 ths  |U FCHPT Fakulta chemickej a potravinárskej technológie  |T FCHPT Ústav biotechnológie  |X 42534  |U C4000  |Y 102  |7 A000042534 
856 4 |u http://is.stuba.sk/zp/portal_zp.pl?podrobnosti=143001